The practice of management
Guardat en:
| Autor principal: | |
|---|---|
| Format: | Llibre |
| Idioma: | Undetermined |
| Publicat: |
New York
Harper & Brothers
1960
|
| Matèries: | |
| Etiquetes: |
Afegir etiqueta
Sense etiquetes, Sigues el primer a etiquetar aquest registre!
|
| Thư viện lưu trữ: | Trung tâm Học liệu Trường Đại học Cần Thơ |
|---|
| LEADER | 00519nam a2200193Ia 4500 | ||
|---|---|---|---|
| 001 | CTU_86258 | ||
| 008 | 210402s9999 xx 000 0 und d | ||
| 082 | |a 658 | ||
| 082 | |b D794 | ||
| 100 | |a Drucker, Peter Ferdinand | ||
| 245 | 4 | |a The practice of management | |
| 245 | 0 | |c Peter Ferdinand Drucker | |
| 260 | |a New York | ||
| 260 | |b Harper & Brothers | ||
| 260 | |c 1960 | ||
| 650 | |a Industrial management | ||
| 650 | |z United states | ||
| 904 | |i Năm | ||
| 980 | |a Trung tâm Học liệu Trường Đại học Cần Thơ | ||